Swiss Fish Species - Statistics

General Stats
  • This quiz has been taken 5 times
  • The average score is 19 of 49
Answer Stats
Answer % Correct
Karpfen
100%
Aal
75%
Alet
75%
Bachforelle
75%
Bachsaibling
75%
Elritze
75%
Groppe
75%
Gründling
75%
Rotauge
75%
Rotfeder
75%
Schleie
75%
Seesaibling
75%
Bachschmerle
50%
Barbe
50%
Bitterling
50%
Brachsmen
50%
Felchen
50%
Flussbarsch
50%
Hecht
50%
Kaulbarsch
50%
Nase
50%
Schlammpeitzger
50%
Seeforelle
50%
Wels
50%
Zander
50%
Aland
25%
Bachneunauge
25%
Dreistachliger Stichling
25%
Giebel
25%
Hasel
25%
Marmorata Forelle
25%
Moderlieschen
25%
Schneider
25%
Steinbeisser
25%
Strömer
25%
Trüsche
25%
Agone
0%
Alborella
0%
Äsche
0%
Blicke
0%
Cagnetta
0%
Ghiozzo
0%
Hundsbarbe
0%
Laube
0%
Pigo
0%
Savetta
0%
Sofie
0%
Strigione
0%
Triotto
0%
No matching quizzes found
Score Distribution
Percent of People with Each Score
Percentile by Number Answered
Your Score History
You have not taken this quiz